[Event "KEN-ch"]
[Site "Nairobi"]
[Date "2022.12.28"]
[Round "5"]
[White "Munene, Dean Martin"]
[Black "Hinga, Githinji"]
[Result "0-1"]
[WhiteElo "1438"]
[BlackElo "1943"]
[PlyCount "40"]
[EventDate "2022.12.26"]
[EventType "swiss"]
[EventRounds "9"]
[EventCountry "KEN"]
[SourceTitle "EXT 2024"]
[Source "ChessBase"]
[SourceDate "2023.10.10"]
[SourceVersion "1"]
[SourceVersionDate "2023.10.10"]
[SourceQuality "1"]

1. e4 c5 2. Nc3 Nc6 3. Nf3 Nf6 4. d4 cxd4 5. Nxd4 d6 6. Be3 Bd7 7. h3 g6 8. g4 Bg7 9. Bc4 a6 10. Qf3 Ne5 11. Qe2 Nxc4 12. Qxc4 Rc8 13. Qd3 0-0 14. f4 b5 15. a3 Rc4 16. b3 Rxc3 17. Qxc3 Qa8 18. Rh2 Rc8 19. Qa5 Qxe4 20. Qd2 Nd5 0-1